000 00585nam a2200205 a 4500
005 20230527063624.0
008 060825s2005 mx r 000 0 spa d
020 _a9582008113
035 _aUPN01000146471
049 _aCG
050 4 _aBJ1595.5
_bA7.3
100 1 _aAraya, Domingo
245 1 0 _aFilosofía para vivir mejor :
_blos más bellos textos para reflexionar /
_cDomingo Araya.
260 _aBogota :
_bMagisterio,
_c2005.
300 _a170 p.
440 0 _aExcelsior
650 4 _aASESORAMIENTO FILOSOFICO
_98305
650 4 _aConducta de vida
_94416
905 _aLibro
999 _c118617
_d118617